Tutti i trofei del parma - Statistics

Statistiche generali
  • Questo quiz è stato fatto 75 volte
  • Il punteggio medio è 8 su 10
Statistiche sulle risposte
Hint Risposta % Corretto
1992 Coppa Italia
95%
1999 Coppa Italia
95%
2002 Coppa Italia
95%
1995 Coppa Uefa
82%
1999 Coppa Uefa
82%
2024 Serie B
80%
1999 Supercoppa Italiana
67%
1993 Coppa delle Coppe
62%
1954 Serie C
56%
1993 Supercoppa Europea
55%
Nessun quiz corrispondente trovato
Distribuzione punteggi
Percentuale di utenti per punteggio
Percentile per numero di risposta
I tuoi punteggi nel tempo
Non hai fatto questo quiz